| 000 | 01160cam a2200313 i 4500 | ||
|---|---|---|---|
| 001 | 192652 | ||
| 003 | ES-MaACL | ||
| 005 | 20240223063037.0 | ||
| 008 | 230508s2021 sp 000 0 spa d | ||
| 020 | _a9788419042255 | ||
| 040 |
_aS9M _bspa _cES-MaACL _erda |
||
| 080 | _a398(235.24) | ||
| 100 | 1 |
_aGonzález-Alcalde, Julio _eaut _9176467 |
|
| 245 | 1 | 0 |
_aAgharti-Shambhala : _bviajeros hacia el país secreto del misterio / _cJulio González-Alcalde |
| 250 | _a1ª edición, noviembre de 2021 | ||
| 264 | 1 |
_aBarcelona : _bAutografía, _c2021 |
|
| 300 |
_a213 páginas : _cilustraciones (blanco y negro y color) ; _b21 cm |
||
| 500 | _aÍndice | ||
| 504 | _aBibliografía: páginas 205-213 | ||
| 650 | 0 |
_aShambhala _9176469 |
|
| 650 | 0 |
_aLeyendas- _zHimalaya _9176470 |
|
| 650 | 7 |
_aMisterios religiosos _9146558 |
|
| 651 | 7 |
_aTíbet- _xDescripción _9158287 |
|
| 852 |
_aES-MaACL _bR.153292 _cDEPOJ _jN-8257 _gDedicatoria autógrafa del autor _hDonación: Julio González-Alcalde _9199951 |
||
| 903 |
_aGonzález-Alcalde, Julio _ednr _9176467 |
||
| 942 |
_cMONOGRAFIA _n0 |
||
| 999 |
_c192652 _d192652 |
||